Effects of dual - chamber pacing with short atrioventricular - delay in dilated cardiomyopathy / (رقم التسجيلة. 2011)

تفاصيل مارك
000 -LEADER
fixed length control field 013230000a22003130004500
003 - CONTROL NUMBER IDENTIFIER
control field EG-GICUC
005 - DATE AND TIME OF LATEST TRANSACTION
control field 20250223024928.0
008 - FIXED-LENGTH DATA ELEMENTS--GENERAL INFORMATION
fixed length control field 070603s2002 ua h f m 000 0 eng d
040 ## - CATALOGING SOURCE
Original cataloging agency EG-GICUC
Language of cataloging eng
Transcribing agency EG-GICUC
041 0# - LANGUAGE CODE
Language code of text/sound track or separate title Eng
049 ## - LOCAL HOLDINGS (OCLC)
Holding library Deposite
097 ## - Thesis Degree
Thesis Level Ph.D
099 ## - LOCAL FREE-TEXT CALL NUMBER (OCLC)
Classification number Cai01.11.09.Ph.D.2002.Ah.E
100 0# - MAIN ENTRY--PERSONAL NAME
Personal name Ahmed Abdelrazik Abdelzaher
245 10 - TITLE STATEMENT
Title Effects of dual - chamber pacing with short atrioventricular - delay in dilated cardiomyopathy /
Statement of responsibility, etc. Ahmed Abdelrazik Abdelzaher ; Supervised Hossam Mowafi , Hassen Khaled , Ahmed Yehia
246 15 - VARYING FORM OF TITLE
Title proper/short title تاثير المنبض الكهربائى ذو السلكين متعدد البرمجة ذو التوصيل الاذين - البطينى القصير فى حالات مرض عضلة القلب الانبساطى المزمن
260 ## - PUBLICATION, DISTRIBUTION, ETC.
Place of publication, distribution, etc. Cairo :
Name of publisher, distributor, etc. Ahmed AbdElrazik Abdelzaher ,
Date of publication, distribution, etc. 2002
300 ## - PHYSICAL DESCRIPTION
Extent 201P. :
Other physical details facsimiles ;
Dimensions 25cm
502 ## - DISSERTATION NOTE
Dissertation note Thesis (Ph.D.) - Cairo University - Faculty Of Medicine - Department Of Critical Care Medicine
653 #4 - INDEX TERM--UNCONTROLLED
Uncontrolled term CHF
653 #4 - INDEX TERM--UNCONTROLLED
Uncontrolled term Pacing
700 0# - ADDED ENTRY--PERSONAL NAME
Personal name Ahmed Yehia ,
Relator term
700 0# - ADDED ENTRY--PERSONAL NAME
Personal name Hassen Khaled ,
Relator term
700 0# - ADDED ENTRY--PERSONAL NAME
Personal name Hossam Mowafi ,
Relator term
856 ## - ELECTRONIC LOCATION AND ACCESS
Uniform Resource Identifier <a href="http://172.23.153.220/th.pdf">http://172.23.153.220/th.pdf</a>
905 ## - LOCAL DATA ELEMENT E, LDE (RLIN)
Cataloger Mustafa
Reviser Revisor
905 ## - LOCAL DATA ELEMENT E, LDE (RLIN)
Cataloger Samia
Reviser Cataloger
942 ## - ADDED ENTRY ELEMENTS (KOHA)
Source of classification or shelving scheme Dewey Decimal Classification
Koha item type Thesis
المقتنيات
Source of classification or shelving scheme Not for loan Home library Current library Date acquired Full call number Barcode Date last seen Koha item type
Dewey Decimal Classification   المكتبة المركزبة الجديدة - جامعة القاهرة قاعة الرسائل الجامعية - الدور الاول 11.02.2024 Cai01.11.09.Ph.D.2002.Ah.E 01010110039548000 22.09.2023 Thesis
Cairo University Libraries Portal Implemented & Customized by: Eng. M. Mohamady Contacts: new-lib@cl.cu.edu.eg | cnul@cl.cu.edu.eg
CUCL logo CNUL logo
© All rights reserved — Cairo University Libraries
CUCL logo
Implemented & Customized by: Eng. M. Mohamady Contact: new-lib@cl.cu.edu.eg © All rights reserved — New Central Library
CNUL logo
Implemented & Customized by: Eng. M. Mohamady Contact: cnul@cl.cu.edu.eg © All rights reserved — Cairo National University Library